000 00562nam a2200205 a 4500
001 BRCA_6543
005 20190320205510.0
008 290911s1920----gw-ac#####---#000-0#ger-#
041 _ager
044 _agw
050 4 _aPT2516
_b.S7 L43
_c1920
100 1 _aSeidel, Heinrich
_d1842-1906
_916332
245 1 0 _aLeberecht Hühnchen
_cHeinrich Seidel.
260 _aStuttgar, Alemania
_bF. G. Cotta´sche Buchhandlung
_c1920
300 _a342 p.
_bil., retratos
_c19 cm.
500 _aL84
650 1 4 _aLiteratura Alemana
_96160
902 _aGFM
942 _2lcc
_cB
999 _c6227
_d6227